Balance of Payments Textbook.

The Balance of Payments Textbook, like the Balance of Payments Compilation Guide, is a companion document to the fifth edition of the Balance of Payments Manual. The Textbook provides illustrative examples and applications of concepts, definitions, classifications, and conventions contained in the M...

Descrizione completa

Dettagli Bibliografici
Ente Autore: International Monetary Fund
Natura: Periodico
Lingua:English
Pubblicazione: Washington, D.C. : International Monetary Fund, 1996.
Serie:Manuals and Guides
Accesso online:Full text available on IMF
LEADER 01515cas a2200241 a 4500
001 AALejournalIMF015692
008 230101c9999 xx r poo 0 0eng d
020 |c 30.00 USD 
020 |z 9781557755704 
022 |a 2663-3744 
040 |a BD-DhAAL  |c BD-DhAAL 
110 2 |a International Monetary Fund. 
245 1 0 |a Balance of Payments Textbook. 
264 1 |a Washington, D.C. :  |b International Monetary Fund,  |c 1996. 
300 |a 1 online resource (158 pages) 
490 1 |a Manuals and Guides 
500 |a <strong>Off-Campus Access:</strong> No User ID or Password Required 
500 |a <strong>On-Campus Access:</strong> No User ID or Password Required 
506 |a Electronic access restricted to authorized BRAC University faculty, staff and students 
520 3 |a The Balance of Payments Textbook, like the Balance of Payments Compilation Guide, is a companion document to the fifth edition of the Balance of Payments Manual. The Textbook provides illustrative examples and applications of concepts, definitions, classifications, and conventions contained in the Manual and affords compilers with opportunities for enhancing their understanding of the relevant parts of the Manual. The Textbook is one of the main reference materials for training courses in balance of payments methodology. 
538 |a Mode of access: Internet 
830 0 |a Manuals and Guides 
856 4 0 |z Full text available on IMF  |u http://elibrary.imf.org/view/books/069/00579-9781557755704-en/00579-9781557755704-en-book.xml  |z IMF e-Library